00730pam a2200241 a 4500001000800000005001700008008004100025020001500066040001800081082002100099100001600120245010200136260003600238300001600274650002500290650001000315650001800325650001800343650001500361942000600376952009100382999001500473382587720250127051038.0861007s1987 nyu b 001 0 eng  a0060961716 aDLCcDLCdDLC00a304.626889bHAR1 aHartmann, B10aReproductive Rights and Wrongs:bThe Global Politics of Population Control & Contraceptive Choice aNew York :bHarper & Row,c1987 axv, 368 p., 0aReproductive rights. 0aWomen 0aContraceptive 0aBirth Control 0aPopulation cL 001040708LaWERCLbWERCLd2025-01-27l0o304.6 HARp6889r2025-01-27w2025-01-27yL c5961d5961